000 00705nam a2200217Ii 4500
003 JO-AjNU
008 230605s9999||||xx |||||||||||||| ||und||
017 _a1996/8/1015
040 _aJO-AjNU
_bara
_erda
_cJO-AjNU
041 _aara
050 1 4 _aBP440.32.A25.A23 2004
100 3 _aعبد الرحمن، فاضل عبد الواحد,
_eauthor
_940940
245 0 0 _aأصول الفقه
250 _aط4
264 3 1 _aعمان: دار المسيرة للنشر والتوزيع والطباعة، 2004
300 _a304ص
336 _atext
_btxt
_2rdacontent
337 _aunmediated
_bn
_2rdamedia
338 _avolume
_bnc
_2rdacarrier
650 4 _aاصول الفقه الاسلامي
_940941
999 _aA17414
_c20982
_d20982